000 00646nam a2200229 i 4500
001 8755
003 ES-MaACL
005 20230906145525.0
007 t|
008 920924s1988 sp ||||1| gao d
020 _a84-7154-603-5
080 _a869.9-311.1"19"
080 _a869.9(Mayoral,M.7 A.01)
100 1 _aMayoral, Marina.
_979422
245 1 5 _aUnha Arbore, un adeus /
_cMarina Mayoral.
260 _aVigo :
_bGalaxia,
_cD.L. 1988.
300 _a87 p. ;
_c20 cm.
490 1 _aNarrativa ;
_v67
830 0 _aNarrativa ;
_v67
_9177839
852 _aES-MaACL
_jL-16211
_bR.119955
_q. - Ded. autógr. de la autora
999 _c8755
_d8755